000 00485nam a2200181Ia 4500
001 7983
005 20260306160535.0
008 260306t2010||||xx |||||||||||||| ||spa||
041 _aESP
082 _a368.3
_bO44
100 _aOlivera Angulo, Javier
_eAUT
245 0 _aRecuperando la solidaridad en el sistema de pensiones peruano:
_buna propuesta de reforma
260 _c2010
300 _a151 páginas :
_c21 cm.
650 _aGEN
654 _aCHU
942 _cLIB
_dJUS
_fJUS
_2ddc
_n
999 _c7983
_d7983